000 00824nam a2200241Ia 4500
003 OSt
005 20220927105619.0
006 a|||||r|||| 00| 0
007 ta
008 220926b |||||||| |||| 00| 0 eng d
024 _a194456
037 _cReference Collections
040 _aRTL
_cRTL
_beng
041 _2eng
_aeng
082 _a"X71.273s, Q0/GD"
110 _a"PATNA, ECONOMICS AND STATISTICS (D/o-), Deptt. of Planning and Development"
_9373711
245 0 _aAnalysis of budgetary transactions of state government.
260 _aPatna
_bGovernment Press
490 _v01493320- 2006-07 to 2008-09 (85p)
700 _a"PATNA, ECONOMICS AND STATISTICS (D/o-), Deptt. of Planning and Development"
_9373712
942 _h"X71.273s, Q0/GD"
_cCC
999 _c693430
_d693430